Puedo contar / (Registro nro. 30259)

Detalles MARC
000 -LEADER
fixed length control field 00503nam a22001457a 4500
003 - CONTROL NUMBER IDENTIFIER
control field OSt
005 - DATE AND TIME OF LATEST TRANSACTION
control field 20230919212220.0
008 - FIXED-LENGTH DATA ELEMENTS--GENERAL INFORMATION
fixed length control field 230919b |||||||| |||| 00| 0 eng d
040 ## - CATALOGING SOURCE
Transcribing agency CO-JMCR
082 04 - DEWEY DECIMAL CLASSIFICATION NUMBER
Classification number C /
Item number PUEp
100 10 - MAIN ENTRY--PERSONAL NAME
Personal name Panamericana,
Relator term autor
9 (RLIN) 42915
245 ## - TITLE STATEMENT
Title Puedo contar /
Statement of responsibility, etc. Panamericana
520 ## - SUMMARY, ETC.
Summary, etc. Aprende a contar de uno a diez en tres sencillas etapas. Cada página es una pizarra de tiza líquida en la que podrás ir practicando hasta que aprendas los números.
942 ## - ADDED ENTRY ELEMENTS (KOHA)
Source of classification or shelving scheme Dewey Decimal Classification
Koha item type Books

No hay ítems disponibles.